|
|
|
|
| LEADER |
01045nam a2200265 a 4500 |
| 001 |
11946309 |
| 008 |
090507s1993 nyua 001 0 eng d |
| 010 |
|
|
|a \\\00501429
|
| 020 |
|
|
|a 0201513188
|
| 040 |
|
|
|a DLC
|c DLC
|d BD-DhAAL
|
| 082 |
0 |
4 |
|a 621.319/2/02855369
|2 20
|
| 100 |
1 |
|
|a Nilsson, James William.
|
| 245 |
1 |
0 |
|a Introduction to PSpice:
|b a supplement to electric circuits /
|c James W. Nilsson, Susan A. Riedel.
|
| 250 |
|
|
|a 4th ed.
|
| 260 |
|
|
|a New York:
|b Addison-Willey Publishing,
|c c1993.
|
| 300 |
|
|
|a ix, 132 p. :
|b ill. ;
|c 24 cm. +
|e 1 CD-ROM (4 3/4 in.)
|
| 500 |
|
|
|a Includes index.
|
| 541 |
1 |
|
|e 00009905
|
| 650 |
|
0 |
|a Electric circuits.
|
| 650 |
|
0 |
|a Electric circuit analysis
|x Data processing.
|
| 700 |
1 |
|
|a Riedel, Susan A.
|
| 700 |
1 |
|
|a Nilsson, JAmes William.
|t Electric circuits.
|
| 852 |
4 |
|
|a Ayesha Abed Library
|j General Shelf.
|
| 999 |
|
|
|c 8758
|d 8758
|
| 952 |
|
|
|0 0
|1 0
|2 ddc
|4 0
|6 621_319202855000000_NIL_1993
|7 0
|9 10592
|a BRACUL
|b BRACUL
|c GEN
|d 2010-05-31
|l 6
|m 36
|o 621.319202855 NIL
|p 3010009905
|r 2022-04-27
|s 2022-03-28
|t 1
|w 2010-05-31
|y BK
|